| 000 | 00574nam a2200229Ia 4500 | ||
|---|---|---|---|
| 003 | OSt | ||
| 005 | 20220924143532.0 | ||
| 006 | a|||||r|||| 00| 0 | ||
| 007 | ta | ||
| 008 | 220923b |||||||| |||| 00| 0 urd d | ||
| 024 | _a308801 | ||
| 037 | _cTextual | ||
| 040 |
_aARTS _cARTS _burd |
||
| 041 |
_2urd _aurd |
||
| 082 | _aO113:g, 168M8 | ||
| 100 |
_aHussain Fakhar _9216178 |
||
| 245 | 0 | _aRaah-e-saaz | |
| 260 | _c1988 | ||
| 650 |
_aGERMAN LITERATURE _915713 |
||
| 942 |
_hO113:g, 168M8 _cTEXL _2CC |
||
| 999 |
_c454880 _d454880 |
||